00422cam a22001097a 4500008003800000082001600038245003300054260007900087500003200166650004500198700006900243180718b-- xxu||||| |||| 00| 0 eng d aL906x5433 G aAccounts at a glance, Punjab aChandigarhb. Principal Accountant General (Accounts and Entitlements)c-- aLibrary has 1998/99-2006/07 aPunjab - Appropriations and expenditures aPunjab. Principal Accountant General (Accounts and Entitlements)